Statistics for 8th Grade Geography Quiz

Click here to take the quiz!

General Stats

  • This quiz has been taken 32 times
  • The average score is 20 of 25

Answer Stats

QuestionAnswer% Correct
What continent is Australia located?Oceania
100%
What continent is the country Bahrain located in?Asia
93%
Which of these countries are located in East Europe?Bulgaria
93%
Where geographically is St Vincent and the Grenadines located?Caribbean Sea
93%
Hello! Are you good at Geography?Yeah!
93%
Which of these are NOT located in Central AmericaBolivia
90%
Which of these cities are NOT located in EuropeBuenos Aires
90%
Which of these countries are NOT located in AfricaGuyana
90%
What is the capital city of the Czech Republic?Prague
90%
Which of these countries are located in Oceania?Palau
87%
What is the capital city of Mongolia?Ulaanbaataar
87%
Where is the country Seychelles located?Off the East coast of Africa
83%
Which of these countries are NOT located in Africa?Papau New Guinea
83%
What is the capital city of New Zealand?Wellington
83%
Which of these are NOT a capital city?Shanghai
80%
What is the capital city of Armenia?Yerevan
80%
Which of these countries border CroatiaBosnia and Herzegovina
77%
Which of these countries are NOT enclave countriesLuxembourg
77%
Where is São Tomé and Príncipe located?Island of Central Africa
73%
What is the capital city of Nicaragua?Managua
73%
From Frankfurt, what direction would Tallinn be?North-East
70%
Which of these countries does NOT border FranceAustria
63%
What part of Asia is the country Bangladesh located?South Asia
63%
Which of these countries does NOT border ChinaCambodia
47%
Which of these countries have territory in Africa?Yemen
10%

Score Distribution

Percentile by Number Answered

Percent of People with Each Score

Your Score History

You have not taken this quiz